| 000 | 01089nam a2200253 i 4500 | ||
|---|---|---|---|
| 001 | 184899 | ||
| 003 | ES-MaACL | ||
| 005 | 20250928095405.0 | ||
| 008 | 160217s1884 sp |||| | spa d | ||
| 080 | _a343(510)"18"(094.4) | ||
| 110 | 1 |
_aChina. _92803 |
|
| 245 | 1 | 0 |
_aTa Tsing Leu Lee, o las leyes fundamentales del Código penal de la China... / _ctraducido por Jorge Tomás Staunton ; puesto en francés por Felix Renouard de Ste. Croix ; traducida al español por Juan de Dios Vico y Brabo. |
| 246 | 3 | 0 | _aLeyes fundamentales del Código penal de la China |
| 260 |
_aMadrid : _bImp. de la Revista de Legislación, _c1884. |
||
| 300 |
_a614 p. ; _c21 cm. |
||
| 530 | _aDisponible en formato digital. | ||
| 650 | 4 |
_aDerecho- _zChina. _9167220 |
|
| 700 | 1 |
_aStaunton, George, _cSir ( _d1737-1801) _9158779 |
|
| 700 | 1 |
_aRenouard de Sainte-Croix, Félix, _d1773-1840 _9158780 |
|
| 700 | 1 |
_aVico y Bravo, Juan de Dios, _d1845-1908 _9133674 |
|
| 852 |
_aES-MaACL _jG-12355 |
||
| 856 |
_uhttps://archive.org/details/BRes060901 _zInternet Archive |
||
| 999 |
_c184899 _d184899 |
||